Statistics for Leicester City 2010's Starting XI

Click here to take the quiz!

General Stats

  • This quiz has been taken 1,411 times
    (1,177 since last reset)
  • The average score is 17 of 53

Answer Stats

Player% Correct
Jamie Vardy
99%
Kasper Schmeichel
99%
Riyad Mahrez
96%
N'Golo Kanté
92%
Wes Morgan
85%
Danny Drinkwater
81%
Christian Fuchs
78%
Jonny Evans
77%
Shinji Okazaki
75%
Wilfried Ndidi
75%
Robert Huth
71%
Ricardo Pereira
70%
Marc Albrighton
69%
Harry Maguire
62%
James Maddison
61%
Danny Simpson
60%
Ben Chilwell
47%
Daniel Amartey
42%
Nampalys Mendy
42%
Leonardo Ulloa
36%
Esteban Cambiasso
32%
Andy King
28%
Ritchie De Laet
28%
Demarai Gray
26%
Jeffrey Schlupp
18%
Marcin Wasilewski
18%
Vicente Iborra
18%
Anthony Knockaert
16%
Matty James
16%
David Nugent
11%
Paul Konchesky
9%
Lloyd Dyer
8%
Michael Keane
5%
Sol Bamba
5%
Jermaine Beckford
4%
Wayne Brown
4%
Matty Fryatt
3%
Sean St Ledger
3%
Ben Marshall
2%
Bruno Berner
2%
Chris Weale
2%
Martyn Waghorn
2%
Matt Mills
2%
Michael Morrison
2%
Paul Gallagher
2%
Richie Wellens
2%
Yuki Abe
2%
Darius Vassell
1%
Jack Hobbs
1%
Kyle Naughton
1%
Lee Peltier
1%
Matt Oakley
1%
Yakubu Aiyegbeni
1%

Score Distribution

Percentile by Number Answered

Percent of People with Each Score

Your Score History

You have not taken this quiz since the last reset